000 01025nam a22002177a 4500
005 20250820154646.0
010 _aHIN-130236
020 _a9789391978099
_c495.00
035 _aHN-102582
037 _bDBAD
082 _a370.54
245 _aराष्ट्रीय शिक्षा नीति 2020:
_bरचनात्मक सुधारो की ओर/
_cसंपादक: पंकज अरोड़ा ओर उषा शर्मा
250 _aप्रथम
260 _aदिल्ली
_bSHIPRA PUBLICATIONS
_c2023
270 _aLG 18-19 Pankaj Central Market I.P. Ext Patparganj
_bDelhi
_e110092
_k+911122235152
_k9650028065
_minfo@shiprapublication.com
300 _a214 पृ.
_c23सेमी (अजिल्द)
650 _aहिन्दी
_984131
700 _aअरोड़ा,पंकज
_eसंपादक
_984127
700 _aशर्मा,उषा
_eसंपादक
_984128
942 _aDPL
_cHN
_2ddc
_h370.54
_mराष्ट्रीय
999 _c213046
_d213046